Sports Quiz

Random Sports or NBA Quiz

Top 300 in Points Scored in the NBA 2014-2015 Quiz Stats

Quiz not verified by Sporcle

Challenge
Share
Tweet
Embed
Score 0/300 Timer 20:00
0 Plays Today
Team Player % Correct
Oklahoma City ThunderRussell Westbrook
98.9%
Indiana PacersDavid West
98.9%
Golden State WarriorsStephen Curry
98.7%
Golden State WarriorsKlay Thompson
98.7%
Portland Trail BlazersLaMarcus Aldridge
98.7%
Cleveland CavaliersTristan Thompson
98.7%
Philadelphia 76ersHollis Thompson
98.7%
Sacramento KingsJason Thompson
98.7%
Houston RocketsJames Harden
98.4%
Cleveland CavaliersLeBron James
98.4%
Los Angeles ClippersBlake Griffin
98.1%
New Orleans PelicansAnthony Davis
97.8%
Cleveland CavaliersKyrie Irving
97.8%
Los Angeles ClippersChris Paul
97.8%
Chicago BullsJimmy Butler
97.8%
Los Angeles LakersEd Davis
97.8%
Washington WizardsRasual Butler
97.8%
Detroit PistonsCaron Butler
97.8%
Los Angeles ClippersGlen Davis
97.8%
Portland Trail BlazersDamian Lillard
97.6%
Washington WizardsJohn Wall
97.3%
Dallas MavericksDirk Nowitzki
97.3%
Chicago BullsPau Gasol
97%
Memphis GrizzliesMarc Gasol
97%
Miami HeatDwyane Wade
96.5%
Dallas MavericksMonta Ellis
96.2%
Sacramento KingsDeMarcus Cousins
96.2%
Memphis GrizzliesJeff Green
95.7%
San Antonio SpursDanny Green
95.7%
Golden State WarriorsDraymond Green
95.7%
Phoenix SunsGerald Green
95.7%
Orlando MagicWillie Green
95.7%
Sacramento KingsRudy Gay
95.1%
Brooklyn NetsBrook Lopez
95.1%
Portland Trail BlazersRobin Lopez
95.1%
Minnesota TimberwolvesAndrew Wiggins
94.9%
Cleveland CavaliersKevin Love
94.9%
Brooklyn NetsJoe Johnson
94.9%
Boston CelticsIsaiah Thomas
94.9%
Los Angeles LakersWesley Johnson
94.9%
Toronto RaptorsAmir Johnson
94.9%
Toronto RaptorsJames Johnson
94.9%
New York KnicksLance Thomas
94.9%
Toronto RaptorsLouis Williams
94.3%
San Antonio SpursTony Parker
94.3%
Charlotte HornetsMo Williams
94.3%
Brooklyn NetsDeron Williams
94.3%
Sacramento KingsDerrick Williams
94.3%
Charlotte HornetsMarvin Williams
94.3%
Miami HeatShawne Williams
94.3%
Milwaukee BucksJabari Parker
94.3%
Atlanta HawksAl Horford
94.1%
Los Angeles ClippersDeAndre Jordan
93.8%
Chicago BullsDerrick Rose
93.8%
Houston RocketsJosh Smith
93.5%
Cleveland CavaliersJ.R. Smith
93.5%
New York KnicksJason Smith
93.5%
Philadelphia 76ersIshmael Smith
93.5%
Utah JazzGordon Hayward
93.3%
Toronto RaptorsKyle Lowry
93.3%
Atlanta HawksPaul Millsap
93.3%
San Antonio SpursTim Duncan
93.3%
Brooklyn NetsJarrett Jack
93.3%
Miami HeatChris Bosh
93.3%
Toronto RaptorsDeMar DeRozan
93%
Atlanta HawksJeff Teague
92.7%
Charlotte HornetsKemba Walker
92.7%
Detroit PistonsReggie Jackson
92.5%
Los Angeles ClippersJ.J. Redick
92.2%
Washington WizardsBradley Beal
92.2%
Memphis GrizzliesZach Randolph
91.9%
Memphis GrizzliesMike Conley
91.9%
Charlotte HornetsAl Jefferson
91.9%
Dallas MavericksRichard Jefferson
91.9%
Phoenix SunsEric Bledsoe
91.6%
San Antonio SpursKawhi Leonard
91.6%
Portland Trail BlazersMyers Leonard
91.6%
Detroit PistonsAndre Drummond
91.1%
Oklahoma City ThunderSerge Ibaka
91.1%
Oklahoma City ThunderKevin Durant
91.1%
Memphis GrizzliesVince Carter
90.8%
Denver NuggetsWilson Chandler
90.6%
Dallas MavericksTyson Chandler
90.6%
Miami HeatGoran Dragic
90.3%
Los Angeles LakersJordan Hill
89.2%
Indiana PacersSolomon Hill
89.2%
Indiana PacersGeorge Hill
89.2%
San Antonio SpursPatty Mills
89.2%
New Orleans PelicansTyreke Evans
88.9%
New York KnicksCarmelo Anthony
88.9%
Atlanta HawksKyle Korver
88.9%
Orlando MagicVictor Oladipo
88.7%
Los Angeles ClippersJamal Crawford
88.7%
Phoenix SunsMarkieff Morris
88.4%
Phoenix SunsMarcus Morris
88.4%
Orlando MagicTobias Harris
88.1%
San Antonio SpursManu Ginobili
88.1%
Dallas MavericksDevin Harris
88.1%
Houston RocketsDwight Howard
88.1%
Washington WizardsMarcin Gortat
87.9%
Team Player % Correct
Detroit PistonsGreg Monroe
87.6%
Golden State WarriorsHarrison Barnes
87.6%
Los Angeles ClippersMatt Barnes
87.6%
Chicago BullsJoakim Noah
87.3%
Portland Trail BlazersWesley Matthews
87.1%
New Orleans PelicansEric Gordon
87.1%
Memphis GrizzliesCourtney Lee
87.1%
Golden State WarriorsDavid Lee
87.1%
Houston RocketsTerrence Jones
87.1%
Orlando MagicBen Gordon
87.1%
Orlando MagicNikola Vucevic
86.8%
Washington WizardsPaul Pierce
86.3%
New Orleans PelicansRyan Anderson
86%
Brooklyn NetsAlan Anderson
86%
Denver NuggetsTy Lawson
85.7%
Miami HeatLuol Deng
85.7%
Oklahoma City ThunderEnes Kanter
85.4%
Brooklyn NetsThaddeus Young
85.4%
Los Angeles LakersNick Young
85.4%
Utah JazzDerrick Favors
85.2%
Dallas MavericksChandler Parsons
85.2%
Milwaukee BucksMichael Carter-Williams
84.9%
Portland Trail BlazersNicolas Batum
84.9%
Dallas MavericksRajon Rondo
84.6%
Memphis GrizzliesTony Allen
84.1%
Indiana PacersLavoy Allen
84.1%
Indiana PacersRoy Hibbert
83.8%
Phoenix SunsBrandon Knight
83.6%
Washington WizardsNene Hilario
83%
Chicago BullsTaj Gibson
82.7%
New Orleans PelicansJrue Holiday
82.7%
Atlanta HawksDeMarre Carroll
82.5%
Boston CelticsAvery Bradley
82.2%
Los Angeles LakersKobe Bryant
81.9%
Detroit PistonsBrandon Jennings
81.4%
Golden State WarriorsAndrew Bogut
81.4%
Houston RocketsTrevor Ariza
80.6%
Denver NuggetsKenneth Faried
80.6%
Philadelphia 76ersNerlens Noel
80.6%
Utah JazzTrey Burke
79.8%
Denver NuggetsDanilo Gallinari
79.8%
Los Angeles LakersJeremy Lin
79.5%
Golden State WarriorsAndre Iguodala
78.2%
Toronto RaptorsJonas Valanciunas
77.4%
Sacramento KingsDarren Collison
77.1%
Minnesota TimberwolvesKevin Garnett
77.1%
Miami HeatHassan Whiteside
76.8%
Charlotte HornetsGerald Henderson
75.7%
Boston CelticsTyler Zeller
75.7%
Cleveland CavaliersTimofey Mozgov
75.7%
Charlotte HornetsCody Zeller
75.7%
Milwaukee BucksKhris Middleton
75.5%
Boston CelticsMarcus Smart
75.5%
Orlando MagicElfrid Payton
74.9%
San Antonio SpursTiago Splitter
74.9%
Houston RocketsPatrick Beverley
74.7%
Milwaukee BucksGiannis Antetokounmpo
74.1%
Toronto RaptorsTerrence Ross
74.1%
Minnesota TimberwolvesKevin Martin
74.1%
Los Angeles LakersCarlos Boozer
73.9%
Sacramento KingsAndre Miller
73.9%
Oklahoma City ThunderSteven Adams
73%
Portland Trail BlazersArron Afflalo
72.8%
Miami HeatMario Chalmers
72.2%
Utah JazzAlec Burks
72.2%
Utah JazzRudy Gobert
72%
Charlotte HornetsMichael Kidd-Gilchrist
71.4%
Cleveland CavaliersIman Shumpert
71.4%
Boston CelticsJarred Sullinger
71.2%
Boston CelticsKelly Olynyk
71.2%
Chicago BullsMike Dunleavy
71.2%
San Antonio SpursBoris Diaw
70.1%
Oklahoma City ThunderDion Waiters
69.8%
Detroit PistonsKentavius Caldwell-Pope
69.5%
New Orleans PelicansOmer Asik
69.3%
Washington WizardsOtto Porter Jr.
69%
Boston CelticsEvan Turner
68.5%
Golden State WarriorsShaun Livingston
68.5%
Minnesota TimberwolvesNikola Pekovic
68.5%
Indiana PacersRodney Stuckey
67.7%
New York KnicksJose Calderon
67.7%
Chicago BullsNikola Mirotic
67.4%
Chicago BullsKirk Hinrich
67.4%
Chicago BullsAaron Brooks
67.1%
Indiana PacersC.J. Miles
67.1%
Milwaukee BucksO.J. Mayo
67.1%
Sacramento KingsBen McLemore
66.6%
Los Angeles LakersJordan Clarkson
66.6%
Houston RocketsJason Terry
66.3%
Charlotte HornetsLance Stephenson
65.8%
Houston RocketsCory Brewer
65.5%
Portland Trail BlazersC.J. McCollum
64.4%
Brooklyn NetsMason Plumlee
64.2%
Milwaukee BucksMiles Plumlee
64.2%
Phoenix SunsAlex Len
63.9%
New York KnicksTim Hardaway Jr.
63.6%
Boston CelticsBrandon Bass
63.3%
Atlanta HawksDennis Schroder
63.3%
Milwaukee BucksErsan Ilyasova
63.1%
Boston CelticsJae Crowder
62.8%
Team Player % Correct
Denver NuggetsJameer Nelson
62.8%
New Orleans PelicansNorris Cole
62.5%
Philadelphia 76ersThomas Robinson
62.3%
Minnesota TimberwolvesGorgui Dieng
62%
Toronto RaptorsPatrick Patterson
62%
Golden State WarriorsMarreese Speights
61.7%
Dallas MavericksJ.J. Barea
61.2%
San Antonio SpursMarco Belinelli
61.2%
Indiana PacersLuis Scola
60.9%
Golden State WarriorsLeandro Barbosa
60.9%
Minnesota TimberwolvesZach LaVine
59.8%
Oklahoma City ThunderKyle Singler
59%
Philadelphia 76ersRobert Covington
58.8%
Phoenix SunsBrandan Wright
58.8%
Toronto RaptorsGreivis Vasquez
58%
Milwaukee BucksJohn Henson
58%
Dallas MavericksAmar'e Stoudemire
57.4%
Milwaukee BucksZaza Pachulia
56.6%
Utah JazzDante Exum
56.6%
Oklahoma City ThunderD.J. Augustin
56.3%
Orlando MagicChanning Frye
55.8%
Phoenix SunsP.J. Tucker
55.5%
Miami HeatChris Andersen
55%
Cleveland CavaliersMatthew Dellavedova
54.7%
Los Angeles ClippersAustin Rivers
53.6%
Denver NuggetsRandy Foye
53.6%
Portland Trail BlazersChris Kaman
53.4%
Detroit PistonsTayshaun Prince
53.4%
Milwaukee BucksJared Dudley
53.1%
Oklahoma City ThunderJeremy Lamb
52.8%
Brooklyn NetsBojan Bogdanovic
52.6%
Atlanta HawksMike Scott
52.3%
Memphis GrizzliesKosta Koufos
52.3%
San Antonio SpursCory Joseph
52%
Philadelphia 76ersTony Wroten
52%
Indiana PacersC.J. Watson
51.8%
New York KnicksLangston Galloway
51.2%
Dallas MavericksAl- Farouq Aminu
51.2%
Oklahoma City ThunderAnthony Morrow
50.9%
New York KnicksAndrea Bargnani
50.7%
Los Angeles ClippersSpencer Hawes
50.4%
Washington WizardsRamon Sessions
50.1%
Houston RocketsDonatas Motiejunas
49.6%
Detroit PistonsJodie Meeks
49.1%
Washington WizardsKris Humphries
49.1%
Charlotte HornetsBrian Roberts
48.5%
Portland Trail BlazersSteve Blake
48.2%
Milwaukee BucksJerryd Bayless
48%
Orlando MagicEvan Fournier
47.7%
Memphis GrizzliesBeno Udrih
47.7%
Atlanta HawksPero Antic
47.4%
Denver NuggetsJ.J. Hickson
47.2%
Utah JazzTrevor Booker
46.9%
Brooklyn NetsMirza Teletovic
46.1%
Denver NuggetsJusuf Nurkic
45.8%
Atlanta HawksKent Bazemore
45.8%
Boston CelticsJonas Jerebko
45.3%
Charlotte HornetsBismack Biyombo
45.3%
Chicago BullsTony Snell
44.2%
Washington WizardsKevin Seraphin
43.4%
Orlando MagicKyle O'Quinn
43.4%
New Orleans PelicansQuincy Pondexter
42.9%
Minnesota TimberwolvesAnthony Bennett
42.6%
Minnesota TimberwolvesShabazz Muhammad
42%
San Antonio SpursAron Baynes
42%
Houston RocketsOmri Casspi
41.8%
Los Angeles LakersRyan Kelly
41.2%
Minnesota TimberwolvesGary Neal
40.4%
Phoenix SunsMarcus Thornton
40.2%
Los Angeles LakersRobert Sacre
39.9%
Utah JazzRodney Hood
39.4%
Minnesota TimberwolvesChase Budinger
39.1%
Philadelphia 76ersIsaiah Canaan
39.1%
Sacramento KingsCarl Landry
38.8%
Sacramento KingsNik Stauskas
38.8%
Dallas MavericksCharlie Villanueva
38.3%
Philadelphia 76ersJerami Grant
37.7%
Atlanta HawksShelvin Mack
37.7%
New York KnicksShane Larkin
37.2%
Los Angeles LakersTarik Black
36.9%
Los Angeles LakersWayne Ellington
36.7%
Sacramento KingsRay McCallum
36.4%
Philadelphia 76ersK.J. McDaniels
35.8%
Philadelphia 76ersLuc Richard Mbah a Moute
35%
New York KnicksCole Aldrich
33.7%
Indiana PacersChris Copeland
33.2%
Philadelphia 76ersJaKarr Sampson
32.9%
New Orleans PelicansDante Cunningham
32.6%
Denver NuggetsWill Barton
31.3%
Memphis GrizzliesJon Leuer
31%
New Orleans PelicansAlexis Ajinca
30.7%
New York KnicksAlexey Shved
30.5%
Utah JazzJoe Ingles
30.5%
Oklahoma City ThunderAnthony Tolliver
30.2%
Denver NuggetsDarrell Arthur
29.9%
Miami HeatJames Ennis
29.1%
New York Knicks Quincy Acy
28.6%
Philadelphia 76ersHenry Sims
28.3%
Indiana PacersDonald Sloan
28%
Indiana PacersDamjan Rudez
20.5%

You're not logged in!

Compare scores with friends on all Sporcle quizzes.
Sign Up with Email
OR
Log In

You Might Also Like...

Show Comments

Extras

Top Quizzes Today


Score Distribution

Your Account Isn't Verified!

In order to create a playlist on Sporcle, you need to verify the email address you used during registration. Go to your Sporcle Settings to finish the process.